000
00342nam a2200169Ia 4500
100
_a
Antonopoulos/Andreas M/ wood/Gavin
650
_a
Ethereum
942
_c
BK
366
_f
20
654
_a
ethereum
245
_a
mastering Ethereum
260
_b
Oreilly
_c
2019
082
_b
ANT
300
_a
384
546
_a
ENGLISH
999
_c
20550
_d
20550